000 00765nam a22002057a 4500
999 _c14344
_d14344
003 AR-CdUCM
008 190422b ||||| |||| 00| 0 spa d
040 _aMUNICIPALIDAD PROVINCIAL DEL CUSCO
_cBIBLIOTECA MUNICIPAL DEL CUSCO
082 _a869.56 /
_bP77 / 1972
100 _aPonce Sanchez, Francisco
_933085
245 _aEn alta voz :
_bI premio internacional de poesía "Jose Marti" /
260 _aLima :
_bCasa de la cultura del callao,
_c1972.
300 _a29 páginas ;
_c21 cm.
505 _aContenido : Animales en la ciudad -- La noche serena -- En la ciudad de gas suicida -- Hay días -- Inmaculada comedia ...
650 _aPoesía
_9139
650 _aLimeña
_914921
650 _aSiglo XX
_98
942 _2ddc
_cLIBROS
945 _arah
_d22/04/2019